Statistics for Biggest Cities In Europe starting with A

Click here to take the quiz!

General Stats

  • This quiz has been taken 73 times
  • The average score is 6 of 18

Answer Stats

Population Country Answer % Correct
772,000GreeceAthens
90%
729,000NetherlandsAmsterdam
87%
217,000United KingdomAberdeen
75%
468,000BelgiumAntwerp
68%
286,000DenmarkAarhus
63%
244,000GermanyAachen
51%
272,000SpainAlicante
49%
161,000DenmarkAalborg
41%
255,000GermanyAugsburg
35%
365,000RussiaArkhangelsk
15%
170,000SpainAlmeria
13%
482,000RussiaAstrakhan
6%
153,000NetherlandsApeldoorn
6%
184,000RomaniaArad
3%
164,000RussiaArmavir
3%
163,000SpainAlcala de Henares
3%
265,000RussiaAngarsk
1%
168,000RussiaAbakan
1%

Score Distribution

Percentile by Number Answered

Percent of People with Each Score

Your Score History

You have not taken this quiz